000 00301nam a22001337a 4500
008 170504b xxu||||| |||| 00| 0 eng d
020 _a0409950653
041 _aeng
080 _a343.9
100 _a14
101 _aSHJ
245 _aCONTROLLING WHITE COLLAR CRIME
_cCARROLL, J.M
942 _2udc
_cBK
999 _c12647
_d12647